|
|
|
|
| LEADER |
00647cam a2200205ua 4500 |
| 008 |
131127t2010||||||||||| 00 ||mal c |
| 020 |
|
|
|a 9788126204908
|
| 041 |
0 |
|
|a mal
|
| 082 |
|
|
|a M 894.812 1
|b KAR/p
|
| 100 |
0 |
|
|a Karunakaran,, Thirunalloor
|
| 245 |
1 |
0 |
|a Premam Madhuramanu dheeravumanu /
|
| 250 |
|
|
|a 2
|
| 260 |
|
|
|a Thiruvananthapuram:
|b Chintha Publishers,
|c 2010.
|
| 300 |
|
|
|a 48.
|
| 362 |
1 |
|
|a 2010.
|
| 365 |
|
|
|a Rs.30/-
|
| 650 |
0 |
|
|a Malayalam literature- Poems-Poetry
|
| 942 |
|
|
|c BK
|
| 999 |
|
|
|c 29635
|d 29635
|
| 952 |
|
|
|0 0
|1 0
|4 0
|6 M_894_812000000000000_1_KAR
|7 0
|9 31442
|a KUCL
|b KUCL
|d 2014-05-23
|l 0
|o M 894.812 1 KAR/
|p 32104
|r 2014-05-23
|w 2014-05-23
|y BK
|